000 00300 a2200145 4500
001 168549
020 _a
040 _cMagnum
100 _aOng, Walter
240 1 0 _aOralidade e cultura escrita
_lpor
245 1 0 _aOralidade e cultura escrita
362 0 _a1899
697 _aGERAL
942 _cBK
999 _c168549
_d168549